000
00281nam a22001337a 4500
008
170809b xxu||||| |||| 00| 0 eng d
020
_a
9780735623033
041
_a
eng
080
_a
004
100
_a
35
101
_a
SHK
245
_a
STEP BY STEP
_c
LAMBERT,S
942
_2
udc
_c
BK
999
_c
23001
_d
23001